Ngân hàng = Banking Review

Gorde:
Xehetasun bibliografikoak
Formatua: Liburua
Hizkuntza:Undetermined
Argitaratua: Hà Nội Ngân hàng Nhà nước Việt Nam 2020
Gaiak:
Etiketak: Etiketa erantsi
Etiketarik gabe, Izan zaitez lehena erregistro honi etiketa jartzen!
Thư viện lưu trữ: Trung tâm Học liệu Trường Đại học Cần Thơ
LEADER 00542nam a2200193Ia 4500
001 CTU_239568
008 210402s9999 xx 000 0 und d
020 |c 30000 
082 |a 332.1 
082 |b Ng121 
245 0 |a Ngân hàng = 
245 0 |b Banking Review 
245 0 |c Ngân hàng Nhà nước Việt Nam 
260 |a Hà Nội 
260 |b Ngân hàng Nhà nước Việt Nam 
260 |c 2020 
650 |a Banks and banking 
904 |i T.Trang 
980 |a Trung tâm Học liệu Trường Đại học Cần Thơ